| 000 | 00342nam a22001457a 4500 | ||
|---|---|---|---|
| 003 | OSt | ||
| 005 | 20160727222448.0 | ||
| 008 | 160704b xxu||||| |||| 00| 0 eng d | ||
| 040 | _cTEST | ||
| 100 |
_91981 _a Clark, C |
||
| 245 | _aIn the Line of Duty | ||
| 260 |
_aPotomac Publishing _c1989 |
||
| 300 | _aIn the Line of Duty | ||
| 942 |
_2ddc _cBK |
||
| 999 |
_c1683 _d1683 |
||